000 00295nam a22001337a 4500
008 171227b xxu||||| |||| 00| 0 eng d
020 _a083851183X
041 _aeng
080 _a610.73
100 _a1
101 _aINF
245 _aCommunity Health Nursing
_cTinkham, C.W
942 _2udc
_cBK
999 _c39448
_d39448